000 00645nam a2200217Ia 4500
005 20260704175958.0
008 260704s9999||||xx |||||||||||||| ||und||
020 _a9781401956134
_qpbk
082 _a616.99406
_bWAR
100 _aWark, Chris
245 0 _aChris beat cancer : a comprehensive plan for healing naturally
260 _aNew York
_bHay House
_c2018
300 _axiv, 289p. ; 23cm.
653 _aCancer patients — Care
653 _aCancer--Alternative treatment
653 _aCancer--Diet therapy
653 _aCancer--Diet therapy
653 _aComplementary therapies
653 _aIntegrative medicine
942 _cBK
999 _c57409
_d57409